000 00871nam a2200253Ia 4500
003 OSt
005 20220923220010.0
006 a|||||r|||| 00| 0
007 ta
008 220922b |||||||| |||| 00| 0 hin d
024 _a183,437
037 _cTextual
040 _aARTS
_cARTS
_bhin
041 _2hin
_ahin
082 _aO152,1:gN, M1
100 _aगुलाटी, मदन
_9156278
245 0 _aसमकालीन कविता कार्पारिप्रेक्ष्य
246 _aSamakālīn kavitā kārpāriprekṣhya
260 _aदिल्ली
_b इन्द्रप्रस्थ प्रकाशन
_c1981
300 _a116 पृ.
_ccm.
650 _aहिन्दी साहित्य
_9156264
942 _hO152,1:gN, M1
_cTEXL
_2CC
999 _c336773
_d336773